000 00495nam a2200181Ia 4500
999 _c29771
_d29771
003 OSt
005 20201214134928.0
008 190216s9999||||xx |||||||||||||| ||und||
020 _a9788126423194
040 _coclc
082 _a894.8121
_bKUR/A
100 _aKurup, O N V
_97466
245 0 _aArdhaviramangal /
_cO N V Kurup
260 _bD C Books,
_c2010.
_aKottayam:
300 _a94p
650 _aKavithkal
942 _cBK
_2ddc
_h894.8121
_iKUR/A
_k894.8121
_mKUR/A